[Event "NB1 Maroczy csoport"]
[Site "Budapest"]
[Date "2024.12.15"]
[Round "4.5"]
[White "Megyaszai, Balazs"]
[Black "Boguszlavszkij, Jevgenyij"]
[Result "1/2-1/2"]
[WhiteElo "2041"]
[BlackElo "2112"]
[PlyCount "38"]
[GameId "2124075671777528"]
[EventDate "2024.11.03"]
[EventType "team-tourn"]
[EventRounds "11"]
[EventCountry "HUN"]
[Source "chess.hu"]
[WhiteTeam "Maroczy SE II."]
[BlackTeam "Vasas SC"]
[WhiteTeamCountry "HUN"]
[BlackTeamCountry "HUN"]

1. e4 c6 2. d4 d5 3. e5 c5 4. dxc5 e6 5. a3 Bxc5 6. b4 Bf8 7. Nf3 Ne7 8. Bd3 a6 9. Qe2 Bd7 10. Nbd2 Ba4 11. c4 dxc4 12. Bxc4 Bc6 13. O-O Ng6 14. Bb2 Be7 15. Qe3 Nd7 16. Bd4 O-O 17. Rfd1 Ba4 18. Re1 Bc6 19. Red1 Ba4 1/2-1/2

[Event "NB1 Maroczy csoport"]
[Site "Budapest"]
[Date "2024.12.15"]
[Round "4.6"]
[White "Horvath, Julia"]
[Black "Apro, Adrian"]
[Result "1/2-1/2"]
[WhiteElo "2103"]
[BlackElo "2100"]
[PlyCount "64"]
[GameId "2124076093784332"]
[EventDate "2024.11.03"]
[EventType "team-tourn"]
[EventRounds "11"]
[EventCountry "HUN"]
[Source "chess.hu"]
[WhiteTeam "Vasas SC"]
[BlackTeam "Maroczy SE II."]
[WhiteTeamCountry "HUN"]
[BlackTeamCountry "HUN"]

1. d4 Nf6 2. c4 g6 3. Nc3 d5 4. Nf3 Bg7 5. Bg5 Ne4 6. cxd5 Nxg5 7. Nxg5 e6 8. Qd2 h6 9. Nf3 exd5 10. e3 Bf5 11. Bd3 Bxd3 12. Qxd3 c6 13. O-O O-O 14. b4 Nd7 15. b5 Nb6 16. a4 Nc4 17. Nd2 Nxd2 18. Qxd2 Qa5 19. Rfc1 Rac8 20. Qd3 Rfd8 21. bxc6 Rxc6 22. Qb5 Qc7 23. Ne2 Rc8 24. Rd1 Rd8 25. Nf4 a6 26. Qb3 Rc3 27. Qb1 g5 28. Nd3 b6 29. Rc1 Rc8 30. Qb2 Rc4 31. h3 Qd6 32. Rcb1 Rb8 1/2-1/2

[Event "NB1 Maroczy csoport"]
[Site "Budapest"]
[Date "2024.12.15"]
[Round "4.7"]
[White "Puskas, Mihaly"]
[Black "Havasi, Janos"]
[Result "1-0"]
[WhiteElo "1943"]
[BlackElo "1989"]
[PlyCount "133"]
[GameId "2124076137763102"]
[EventDate "2024.11.03"]
[EventType "team-tourn"]
[EventRounds "11"]
[EventCountry "HUN"]
[Source "chess.hu"]
[WhiteTeam "Maroczy SE II."]
[BlackTeam "Vasas SC"]
[WhiteTeamCountry "HUN"]
[BlackTeamCountry "HUN"]

1. d4 Nf6 2. c4 g6 3. Nc3 d6 4. e4 Bg7 5. Be2 Na6 6. Nf3 O-O 7. O-O Bg4 8. Bf4 c5 9. d5 Nc7 10. Ne1 Bxe2 11. Qxe2 a6 12. h3 Rb8 13. a4 Qd7 14. Nd3 b5 15. axb5 axb5 16. Ra7 bxc4 17. Nxc5 Qc8 18. N5a4 Rb7 19. Rxb7 Qxb7 20. Qxc4 Rc8 21. Qd3 Nd7 22. Rc1 Na6 23. Nd1 Rb8 24. Be3 Ne5 25. Qc2 h5 26. Nb6 Nc5 27. Bxc5 dxc5 28. Nc4 Nd7 29. Qa4 Bd4 30. Ra1 Nf6 31. Nd2 Qb4 32. Qxb4 Rxb4 33. Ra8+ Kg7 34. Ra2 Be5 35. Kf1 Nxe4 36. Nxe4 Rxe4 37. Nc3 Rb4 38. Ke2 f5 39. Kd3 Bd6 40. Kc2 Rd4 41. Ra4 Kf6 42. Rxd4 cxd4 43. Nb5 Bc5 44. Kd3 Ke5 45. Kc4 Bb6 46. f3 h4 47. b4 g5 48. Na3 d3 49. Nb1 Bf2 50. Kxd3 Kxd5 51. Nc3+ Kc6 52. Kc4 e5 53. Nd5 Kd6 54. b5 e4 55. fxe4 fxe4 56. Nf6 Be3 57. Nxe4+ Ke5 58. Kd3 Bf4 59. b6 Kf5 60. Nf2 Ke6 61. Ke4 Kd7 62. Nd3 Bd6 63. Kd5 Bg3 64. Nc5+ Kc8 65. Kc6 Kd8 66. Ne6+ Ke7 67. Nxg5 1-0

[Event "NB1 Maroczy csoport"]
[Site "Budapest"]
[Date "2024.12.15"]
[Round "4.8"]
[White "Pesztericz, Laszlo"]
[Black "Papp, Balazs"]
[Result "1-0"]
[WhiteElo "2044"]
[BlackElo "2031"]
[PlyCount "145"]
[GameId "2124076187210030"]
[EventDate "2024.11.03"]
[EventType "team-tourn"]
[EventRounds "11"]
[EventCountry "HUN"]
[Source "chess.hu"]
[WhiteTeam "Vasas SC"]
[BlackTeam "Maroczy SE II."]
[WhiteTeamCountry "HUN"]
[BlackTeamCountry "HUN"]

1. e4 c5 2. Nc3 e6 3. g3 d5 4. exd5 exd5 5. Bg2 Nf6 6. d3 Be7 7. Nge2 d4 8. Ne4 Nc6 9. Nf4 O-O 10. O-O Bf5 11. Nxf6+ Bxf6 12. Nd5 Be5 13. Bf4 Be6 14. Bxe5 Bxd5 15. Bf4 Nb4 16. a3 Bxg2 17. Kxg2 Qd5+ 18. Qf3 Qxf3+ 19. Kxf3 Nd5 20. Rfe1 f6 21. Re6 Rfd8 22. Rae1 Rac8 23. b3 Kf7 24. R1e4 Rd7 25. h4 g6 26. Rd6 Rxd6 27. Bxd6 Rc6 28. Bb8 a6 29. Bf4 Re6 30. Bd2 Nc7 31. a4 f5 32. Rxe6 Kxe6 33. Kf4 Kf6 34. c4 dxc3 35. Bxc3+ Ke6 36. Kg5 Nd5 37. Bh8 Nb4 38. d4 Nd3 39. dxc5 Nxc5 40. Kh6 Nxb3 41. Kxh7 Kf7 42. Be5 b6 43. Bc7 b5 44. axb5 axb5 45. Be5 Nd2 46. Bc3 Ne4 47. Bd4 b4 48. Kh6 b3 49. h5 g5 50. f3 g4 51. fxe4 fxe4 52. Kg5 e3 53. h6 e2 54. h7 e1=Q 55. h8=Q Qd2+ 56. Kxg4 Qd1+ 57. Kf4 Qd2+ 58. Ke4 Qg2+ 59. Kf4 Qd2+ 60. Kf3 Qd3+ 61. Kg2 Qc2+ 62. Kh3 Qf5+ 63. Kh4 Qe4+ 64. Kg5 Qg6+ 65. Kf4 Qd6+ 66. Qe5 Qh6+ 67. Kg4 Qg6+ 68. Qg5 Qc6 69. Qg7+ Ke8 70. Qf6 Qe4+ 71. Kg5 Qd3 72. Qe6+ Kf8 73. Qf5+ 1-0

[Event "NB1 Maroczy csoport"]
[Site "Budapest"]
[Date "2024.12.15"]
[Round "4.9"]
[White "Bernath, Robert"]
[Black "Harkanyi, Gergely"]
[Result "0-1"]
[WhiteElo "1907"]
[BlackElo "2087"]
[PlyCount "64"]
[GameId "2124076224954686"]
[EventDate "2024.11.03"]
[EventType "team-tourn"]
[EventRounds "11"]
[EventCountry "HUN"]
[Source "chess.hu"]
[WhiteTeam "Maroczy SE II."]
[BlackTeam "Vasas SC"]
[WhiteTeamCountry "HUN"]
[BlackTeamCountry "HUN"]

1. e4 c6 2. d4 d5 3. e5 Bf5 4. h4 h5 5. Bd3 Bxd3 6. Qxd3 Qa5+ 7. Nd2 e6 8. Ngf3 Nh6 9. O-O Nf5 10. Re1 Be7 11. g3 O-O 12. Nf1 c5 13. c3 Qa6 14. Qd1 Nc6 15. Bg5 Qb6 16. Bxe7 Ncxe7 17. b3 g6 18. Ne3 Rac8 19. Qd2 Rc6 20. Rac1 Rfc8 21. dxc5 Qxc5 22. Nd4 Nxd4 23. cxd4 Qa3 24. Rxc6 Rxc6 25. Re2 Rc1+ 26. Kg2 Nc6 27. g4 Rb1 28. gxh5 gxh5 29. Nc2 Qc1 30. Qxc1 Rxc1 31. Rd2 Kg7 32. Kf3 Rxc2 0-1

[Event "NB1 Maroczy csoport"]
[Site "Budapest"]
[Date "2024.12.15"]
[Round "4.10"]
[White "Gyurkovics, Miklos"]
[Black "Szamko, Hanna"]
[Result "1/2-1/2"]
[WhiteElo "1981"]
[BlackElo "1830"]
[PlyCount "102"]
[GameId "2124076355821904"]
[EventDate "2024.11.03"]
[EventType "team-tourn"]
[EventRounds "11"]
[EventCountry "HUN"]
[Source "chess.hu"]
[WhiteTeam "Vasas SC"]
[BlackTeam "Maroczy SE II."]
[WhiteTeamCountry "HUN"]
[BlackTeamCountry "HUN"]

1. d4 d5 2. Nc3 Nf6 3. Bf4 c6 4. e3 Bf5 5. f3 e6 6. g4 Bg6 7. h4 h6 8. Bd3 Bxd3 9. Qxd3 Nbd7 10. Nge2 Nb6 11. Kf2 Bd6 12. g5 Nh5 13. Bxd6 Qxd6 14. f4 g6 15. Ng1 a6 16. Nf3 Nd7 17. Ne5 Nxe5 18. fxe5 Qe7 19. Rag1 Ng7 20. e4 O-O-O 21. Qf3 Qb4 22. gxh6 Nh5 23. Ne2 Qe7 24. Qe3 Qf8 25. exd5 Rxd5 26. Nc3 Rd8 27. Ne4 Rxh6 28. Rh3 Rh7 29. Nd6+ Kb8 30. Rf3 Qe7 31. Rg4 f5 32. Rxg6 Qxh4+ 33. Ke2 f4 34. Qf2 Ng3+ 35. Kd3 Qh1 36. Rxf4 Nf5 37. Rg1 Qd5 38. Nxf5 exf5 39. Re1 Rh3+ 40. Kd2 Qa5+ 41. c3 Rdh8 42. Qe2 Qxa2 43. Kc2 Qa4+ 44. Kb1 Rh1 45. Rff1 R1h2 46. Rf2 Rh1 47. e6 Rxe1+ 48. Qxe1 Re8 49. Qe5+ Kc8 50. Qxf5 Qd1+ 51. Ka2 Qa4+ 1/2-1/2

[Event "NB1 Maroczy csoport"]
[Site "Budapest"]
[Date "2024.12.15"]
[Round "4.11"]
[White "Korosi, Zsombor"]
[Black "Kozek, Armin"]
[Result "0-1"]
[WhiteElo "1939"]
[BlackElo "1875"]
[PlyCount "56"]
[GameId "2124076400628066"]
[EventDate "2024.11.03"]
[EventType "team-tourn"]
[EventRounds "11"]
[EventCountry "HUN"]
[Source "chess.hu"]
[WhiteTeam "Maroczy SE II."]
[BlackTeam "Vasas SC"]
[WhiteTeamCountry "HUN"]
[BlackTeamCountry "HUN"]

1. e4 g6 2. d4 Bg7 3. Nf3 d6 4. Be2 Nf6 5. Nbd2 O-O 6. O-O Nc6 7. d5 Nb8 8. c4 Nbd7 9. Qc2 Nc5 10. Rb1 a5 11. Bd3 e5 12. h3 Nh5 13. Nb3 Nxd3 14. Qxd3 f5 15. Bg5 Qe8 16. Rbc1 f4 17. c5 h6 18. Bh4 g5 19. cxd6 cxd6 20. Nxg5 hxg5 21. Bxg5 f3 22. Nd2 fxg2 23. Rfe1 Qg6 24. h4 Bh6 25. Bxh6 Qxh6 26. Rc7 Kh8 27. Qe3 Nf4 28. Qa3 Qxh4 0-1

[Event "NB1 Maroczy csoport"]
[Site "Budapest"]
[Date "2024.12.15"]
[Round "4.12"]
[White "Nagy, Nimrod"]
[Black "Tornyai, Jeno"]
[Result "1/2-1/2"]
[WhiteElo "1668"]
[BlackElo "1842"]
[PlyCount "102"]
[GameId "2124076443378034"]
[EventDate "2024.11.03"]
[EventType "team-tourn"]
[EventRounds "11"]
[EventCountry "HUN"]
[Source "chess.hu"]
[WhiteTeam "Vasas SC"]
[BlackTeam "Maroczy SE II."]
[WhiteTeamCountry "HUN"]
[BlackTeamCountry "HUN"]

1. e4 d5 2. exd5 Nf6 3. d4 Nxd5 4. c4 Nb6 5. Nc3 e5 6. dxe5 Qxd1+ 7. Kxd1 Nc6 8. f4 Be6 9. b3 O-O-O+ 10. Kc2 Bf5+ 11. Kb2 Nd4 12. a3 Be7 13. Nge2 f6 14. Nxd4 Rxd4 15. Be3 Rdd8 16. Be2 Rhe8 17. Rad1 fxe5 18. fxe5 c6 19. Rhe1 Rxd1 20. Rxd1 Bd8 21. Rf1 Bg6 22. Bg4+ Kb8 23. Bf4 Bc7 24. Re1 Re7 25. g3 Nd7 26. Bxd7 Rxd7 27. e6 Re7 28. Bg5 Re8 29. c5 Bf5 30. e7 h6 31. Bd2 Kc8 32. Bf4 Bxf4 33. gxf4 Kd7 34. Re5 g6 35. Kc1 Rxe7 36. Rxe7+ Kxe7 37. Kd2 Ke6 38. Ke3 Bc2 39. b4 Kf5 40. Kf3 Bd3 41. h4 Bc4 42. Kg3 h5 43. a4 Bb3 44. Kf3 Bc2 45. a5 a6 46. Kg3 Be4 47. Nd1 Bd5 48. Nf2 Be4 49. Nd1 Ke6 50. Ne3 Bd3 51. Kf2 Be4 1/2-1/2

[Event "NB2 Asztalos csoport"]
[Site "Nagyatad"]
[Date "2024.11.03"]
[Round "1.1"]
[White "Kele, Karoly"]
[Black "Vrban, Mladen"]
[Result "1/2-1/2"]
[WhiteElo "2041"]
[BlackElo "2284"]
[PlyCount "147"]
[EventDate "2024.11.03"]
[EventType "team-tourn"]
[EventRounds "9"]
[EventCountry "HUN"]
[Source "chess.hu"]
[SourceDate "2024.11.04"]
[WhiteTeam "Karmin PSSE"]
[BlackTeam "Sakk Egylet Nagyatad"]
[WhiteTeamCountry "HUN"]
[BlackTeamCountry "HUN"]

1. e4 c5 2. Nf3 d6 3. d4 cxd4 4. Nxd4 Nf6 5. Nc3 g6 6. Be2 Bg7 7. O-O O-O 8.
Be3 a6 9. a4 Nc6 10. Nb3 Be6 11. f3 Rc8 12. Nd4 Bd7 13. Qd2 Ne5 14. b3 Qa5 15.
Nb1 Qxd2 16. Nxd2 d5 17. Rad1 dxe4 18. Nxe4 Nxe4 19. fxe4 Bg4 20. c4 Rfd8 21.
Nf3 Bxf3 22. gxf3 Nc6 23. Rxd8+ Rxd8 24. Rd1 Bd4 25. Kf2 a5 26. f4 b6 27. e5
Bc5 28. Rd5 e6 29. Rxd8+ Nxd8 30. Bxc5 bxc5 31. Bf3 f5 32. Ke3 Nf7 33. Bc6 Kf8
34. Bb5 h6 35. b4 cxb4 36. c5 Ke7 37. Kd4 g5 38. c6 Kd8 39. Bc4 Kc7 40. Bxe6
Nd8 41. Bxf5 Nxc6+ 42. Ke3 Ne7 43. Be4 gxf4+ 44. Kxf4 Kd7 45. Ke3 Ke6 46. Kd4
h5 47. h4 Nf5+ 48. Bxf5+ Kxf5 49. Kd5 b3 50. e6 b2 51. e7 b1=Q 52. e8=Q Qb3+
53. Kd4 Qb4+ 54. Kd3 Kg4 55. Qd8 Qc5 56. Ke2 Qe5+ 57. Kd3 Qg3+ 58. Kc2 Qf2+ 59.
Kc1 Qf4+ 60. Kb2 Qe5+ 61. Kc2 Kh3 62. Qg5 Qe4+ 63. Kd2 Qb4+ 64. Ke2 Qc4+ 65.
Kf2 Qxh4+ 66. Qxh4+ Kxh4 67. Kf3 Kg5 68. Kg3 Kf5 69. Kh4 Ke4 70. Kxh5 Kd4 71.
Kg4 Kc4 72. Kf3 Kb3 73. Ke2 Kxa4 74. Kd2 1/2-1/2

[Event "NB2 Asztalos csoport"]
[Site "Nagyatad"]
[Date "2024.11.03"]
[Round "1.2"]
[White "Matko, Ognjen"]
[Black "Albrecht, Akos"]
[Result "1-0"]
[WhiteElo "2264"]
[BlackElo "2004"]
[PlyCount "95"]
[EventDate "2024.11.03"]
[EventType "team-tourn"]
[EventRounds "9"]
[EventCountry "HUN"]
[Source "chess.hu"]
[SourceDate "2024.11.04"]
[WhiteTeam "Sakk Egylet Nagyatad"]
[BlackTeam "Karmin PSSE"]
[WhiteTeamCountry "HUN"]
[BlackTeamCountry "HUN"]

1. d4 d5 2. Bf4 Nf6 3. e3 e6 4. Nd2 Bd6 5. Ngf3 O-O 6. c3 c5 7. Bg3 Qc7 8. Bd3
Nbd7 9. O-O Bxg3 10. hxg3 e5 11. Bb5 e4 12. Bxd7 exf3 13. Bxc8 fxg2 14. Kxg2
Raxc8 15. Rh1 cxd4 16. exd4 Rfe8 17. Qf3 Re6 18. Rae1 Rce8 19. Rxe6 Rxe6 20.
Nf1 Qa5 21. Qf4 Qxa2 22. Qb8+ Re8 23. Qxb7 Qb1 24. Qb5 Qe4+ 25. Kg1 h6 26. Rh2
Qf3 27. Rh4 Re1 28. Rf4 Qd1 29. Kg2 Kh7 30. Rf3 Qc1 31. b4 h5 32. Qd3+ Kg8 33.
Qa6 h4 34. gxh4 Qh6 35. Qc8+ Re8 36. Qf5 Qxh4 37. Ne3 Qe4 38. Qxe4 dxe4 39. Rf5
Rc8 40. c4 Kf8 41. Ra5 Rc7 42. d5 Rb7 43. c5 Rxb4 44. Rxa7 g6 45. d6 Rb8 46. c6
Rd8 47. Nc4 Ke8 48. c7 1-0

[Event "NB2 Asztalos csoport"]
[Site "Nagyatad"]
[Date "2024.11.03"]
[Round "1.3"]
[White "Hrubos, Viktor"]
[Black "Horvath, Attila"]
[Result "1/2-1/2"]
[WhiteElo "1929"]
[BlackElo "2112"]
[PlyCount "82"]
[EventDate "2024.11.03"]
[EventType "team-tourn"]
[EventRounds "9"]
[EventCountry "HUN"]
[Source "chess.hu"]
[SourceDate "2024.11.04"]
[WhiteTeam "Karmin PSSE"]
[BlackTeam "Sakk Egylet Nagyatad"]
[WhiteTeamCountry "HUN"]
[BlackTeamCountry "HUN"]

1. Nf3 d5 2. d4 Nf6 3. Bf4 c5 4. e3 Nc6 5. c3 Qb6 6. Qb3 c4 7. Qxb6 axb6 8. Na3
e5 9. Nxc4 dxc4 10. dxe5 Nd5 11. Bxc4 Be6 12. Bg3 Nc7 13. Bxe6 fxe6 14. Nd4 Be7
15. h4 g6 16. f4 O-O 17. Ke2 Nxd4+ 18. cxd4 Rfc8 19. Rhc1 Ne8 20. a3 Rc6 21.
Be1 Rac8 22. Rc3 Rxc3 23. bxc3 Ra8 24. a4 b5 25. a5 Bd8 26. Kd3 Rxa5 27. Rxa5
Bxa5 28. h5 Kf7 29. hxg6+ hxg6 30. Bh4 Nc7 31. Bd8 Ke8 32. Bxc7 Bxc7 33. e4 Kd7
34. d5 Bd8 35. g4 Bh4 36. f5 exf5 37. exf5 gxf5 38. gxf5 Ke7 39. Ke4 Be1 40.
f6+ Kf7 41. Kd4 Bf2+ 1/2-1/2

[Event "NB2 Asztalos csoport"]
[Site "Nagyatad"]
[Date "2024.11.03"]
[Round "1.4"]
[White "Konig, Balazs"]
[Black "Pinter, Szabolcs Peter"]
[Result "1/2-1/2"]
[WhiteElo "2101"]
[BlackElo "1865"]
[PlyCount "49"]
[EventDate "2024.11.03"]
[EventType "team-tourn"]
[EventRounds "9"]
[EventCountry "HUN"]
[Source "chess.hu"]
[SourceDate "2024.11.04"]
[WhiteTeam "Sakk Egylet Nagyatad"]
[BlackTeam "Karmin PSSE"]
[WhiteTeamCountry "HUN"]
[BlackTeamCountry "HUN"]

1. d4 Nf6 2. c4 g6 3. Nc3 Bg7 4. e4 d6 5. f3 O-O 6. Be3 c5 7. Nge2 Nc6 8. Qd2
Qb6 9. Rd1 a6 10. dxc5 dxc5 11. Na4 Qc7 12. Nxc5 Rd8 13. Qc1 Rxd1+ 14. Qxd1 Nd7
15. Nxd7 Bxd7 16. Kf2 Be6 17. Nc3 Bxc3 18. bxc3 Ne5 19. Qb1 Nxc4 20. Bxc4 Bxc4
21. a3 Rd8 22. Rd1 Rxd1 23. Qxd1 b5 24. Qd4 Qd6 25. Qxd6 1/2-1/2

[Event "NB2 Asztalos csoport"]
[Site "Nagyatad"]
[Date "2024.11.03"]
[Round "1.5"]
[White "Mitric, Milutin"]
[Black "Vrban, Damir"]
[Result "0-1"]
[WhiteElo "1838"]
[BlackElo "2151"]
[PlyCount "27"]
[EventDate "2024.11.03"]
[EventType "team-tourn"]
[EventRounds "9"]
[EventCountry "HUN"]
[Source "chess.hu"]
[SourceDate "2024.11.04"]
[WhiteTeam "Karmin PSSE"]
[BlackTeam "Sakk Egylet Nagyatad"]
[WhiteTeamCountry "HUN"]
[BlackTeamCountry "HUN"]

1. d4 b5 2. Nf3 Bb7 3. Bf4 Nf6 4. e3 b4 5. Nbd2 e6 6. Bd3 Be7 7. Qe2 d5 8. Ne5
O-O 9. h4 Nbd7 10. Ndf3 c5 11. c3 Nxe5 12. Bxe5 Ne4 13. Bxe4 dxe4 14. c4 0-1

[Event "NB2 Asztalos csoport"]
[Site "Nagyatad"]
[Date "2024.11.03"]
[Round "1.6"]
[White "Szijarto, Attila"]
[Black "Varga, Zsolt"]
[Result "1-0"]
[WhiteElo "1968"]
[BlackElo "1938"]
[PlyCount "51"]
[EventDate "2024.11.03"]
[EventType "team-tourn"]
[EventRounds "9"]
[EventCountry "HUN"]
[Source "chess.hu"]
[SourceDate "2024.11.04"]
[WhiteTeam "Sakk Egylet Nagyatad"]
[BlackTeam "Karmin PSSE"]
[WhiteTeamCountry "HUN"]
[BlackTeamCountry "HUN"]

1. e4 e5 2. f4 exf4 3. Nf3 g5 4. Bc4 d6 5. O-O Bg7 6. d4 Nh6 7. h4 gxh4 8. Bxf4
O-O 9. Bg5 Qe8 10. Nc3 h3 11. Nd5 hxg2 12. Re1 Ng4 13. Qe2 Qd7 14. c3 c6 15.
Ne7+ Kh8 16. Nf5 f6 17. Bf4 d5 18. N3h4 h5 19. Ng6+ Kh7 20. Nxf8+ Bxf8 21. Bd3
Kg8 22. Kxg2 Qh7 23. Rh1 Bxf5 24. exf5 Qf7 25. Rh4 Nd7 26. Rah1 1-0

[Event "NB2 Asztalos csoport"]
[Site "Nagyatad"]
[Date "2024.11.03"]
[Round "1.7"]
[White "Nagy, Peter"]
[Black "Ferencz, Miklos"]
[Result "0-1"]
[WhiteElo "1874"]
[BlackElo "1987"]
[PlyCount "102"]
[EventDate "2024.11.03"]
[EventType "team-tourn"]
[EventRounds "9"]
[EventCountry "HUN"]
[Source "chess.hu"]
[SourceDate "2024.11.04"]
[WhiteTeam "Karmin PSSE"]
[BlackTeam "Sakk Egylet Nagyatad"]
[WhiteTeamCountry "HUN"]
[BlackTeamCountry "HUN"]

1. Nf3 c5 2. b3 Nf6 3. Bb2 g6 4. e3 Bg7 5. Be2 O-O 6. O-O Nc6 7. d4 cxd4 8.
Nxd4 d6 9. c4 Nxd4 10. Bxd4 Bd7 11. Nd2 Bc6 12. Bf3 Qc7 13. Bxc6 bxc6 14. Qc2
c5 15. Bb2 Qb7 16. Rfd1 Rfd8 17. Nb1 Rd7 18. Nc3 a6 19. Nd5 Nxd5 20. Rxd5 Bxb2
21. Qxb2 a5 22. Qc2 a4 23. Rad1 axb3 24. axb3 Qb4 25. g3 Ra3 26. R5d3 Rda7 27.
e4 Ra2 28. Qc3 Re2 29. Qxb4 cxb4 30. Re3 Rxe3 31. fxe3 f6 32. Rd5 Ra1+ 33. Kg2
Rb1 34. Rd3 Rb2+ 35. Kf3 Rxh2 36. e5 fxe5 37. Ke4 Rc2 38. Kd5 Rc3 39. Ke4 h5
40. Rxc3 bxc3 41. Kd3 g5 42. b4 e4+ 43. Kxc3 h4 44. gxh4 gxh4 45. b5 h3 46. b6
h2 47. b7 h1=Q 48. b8=Q+ Kf7 49. Qb7 Qc1+ 50. Kd4 Qd2+ 51. Kxe4 Qg2+ 0-1

[Event "NB2 Asztalos csoport"]
[Site "Nagyatad"]
[Date "2024.11.03"]
[Round "1.8"]
[White "Kondakor, Mark"]
[Black "Feher, Laszlo"]
[Result "1-0"]
[WhiteElo "1964"]
[BlackElo "1741"]
[PlyCount "95"]
[EventDate "2024.11.03"]
[EventType "team-tourn"]
[EventRounds "9"]
[EventCountry "HUN"]
[Source "chess.hu"]
[SourceDate "2024.11.04"]
[WhiteTeam "Sakk Egylet Nagyatad"]
[BlackTeam "Karmin PSSE"]
[WhiteTeamCountry "HUN"]
[BlackTeamCountry "HUN"]

1. Nf3 d5 2. g3 Nf6 3. Bg2 c5 4. O-O Nc6 5. d4 cxd4 6. Nxd4 e5 7. Nxc6 bxc6 8.
c4 h6 9. Qa4 Bd7 10. Rd1 Bc5 11. Nc3 Qb6 12. e3 e4 13. Qc2 Bg4 14. Rd2 Bb4 15.
cxd5 Bxc3 16. bxc3 cxd5 17. Ba3 Rc8 18. Rb1 Qc6 19. Bb4 Nd7 20. Qb3 Be6 21. Qa3
Nc5 22. Qxa7 O-O 23. c4 dxc4 24. Bxc5 Qxc5 25. Qxc5 Rxc5 26. Bxe4 c3 27. Rc2 f5
28. Bg2 Rd8 29. Rbc1 Rdc8 30. Bf1 Bd7 31. Bd3 Ba4 32. Re2 Rd8 33. Bc2 Rd2 34.
Bxa4 Rxe2 35. Kf1 Rb2 36. Ke1 Kf8 37. Bb3 Rxa2 38. Bxa2 Ke7 39. Ke2 Rb5 40. Rc2
Kf6 41. h4 g5 42. hxg5+ hxg5 43. Kd3 Ke5 44. f4+ gxf4 45. gxf4+ Kf6 46. Rxc3
Rb6 47. Kd4 Rd6+ 48. Bd5 1-0

[Event "NB2 Asztalos csoport"]
[Site "Nagyatad"]
[Date "2024.11.03"]
[Round "1.9"]
[White "Lang, Bence"]
[Black "Bocska, Janos"]
[Result "1/2-1/2"]
[WhiteElo "1767"]
[BlackElo "1974"]
[PlyCount "75"]
[EventDate "2024.11.03"]
[EventType "team-tourn"]
[EventRounds "9"]
[EventCountry "HUN"]
[Source "chess.hu"]
[SourceDate "2024.11.04"]
[WhiteTeam "Karmin PSSE"]
[BlackTeam "Sakk Egylet Nagyatad"]
[WhiteTeamCountry "HUN"]
[BlackTeamCountry "HUN"]

1. Nf3 Nf6 2. g3 g6 3. Bg2 Bg7 4. O-O O-O 5. d3 d5 6. Nbd2 c6 7. c4 dxc4 8.
Nxc4 Nbd7 9. Bd2 Nd5 10. Qc2 N7b6 11. Rab1 Nxc4 12. dxc4 Nf6 13. Rfe1 Bf5 14.
e4 Bd7 15. Bc3 Qc8 16. Ne5 Bh3 17. Rbd1 Bxg2 18. Kxg2 Qc7 19. f4 Rad8 20. Nd3
c5 21. Qe2 e6 22. Qf3 Nd7 23. e5 Nb8 24. Nf2 Nc6 25. Ne4 b6 26. Nd6 a6 27. a3
Rd7 28. Rd2 Rfd8 29. Red1 Bf8 30. Ne4 Rxd2+ 31. Rxd2 Rxd2+ 32. Bxd2 Be7 33. Qd3
Qd8 34. Qxd8+ Bxd8 35. Bc3 h5 36. h4 Kf8 37. Kf3 Be7 38. Ke3 1/2-1/2

[Event "NB2 Asztalos csoport"]
[Site "Nagyatad"]
[Date "2024.11.03"]
[Round "1.10"]
[White "Krivarics, Robert"]
[Black "Dani, Ferenc"]
[Result "1-0"]
[WhiteElo "1881"]
[BlackElo "1741"]
[PlyCount "137"]
[EventDate "2024.11.03"]
[EventType "team-tourn"]
[EventRounds "9"]
[EventCountry "HUN"]
[Source "chess.hu"]
[SourceDate "2024.11.04"]
[WhiteTeam "Sakk Egylet Nagyatad"]
[BlackTeam "Karmin PSSE"]
[WhiteTeamCountry "HUN"]
[BlackTeamCountry "HUN"]

1. e4 c5 2. d4 cxd4 3. c3 dxc3 4. Nxc3 e6 5. Bc4 a6 6. Nf3 Nc6 7. O-O Qc7 8.
Re1 b5 9. Bb3 Ne5 10. Bf4 Nxf3+ 11. Qxf3 d6 12. Rac1 Qb8 13. e5 Ra7 14. exd6
Bxd6 15. Qc6+ Rd7 16. Bxd6 Qxd6 17. Qxc8+ Rd8 18. Qb7 Rd7 19. Qf3 Nf6 20. Ne4
Nxe4 21. Rc8+ Rd8 22. Rxd8+ Qxd8 23. Qxe4 O-O 24. h4 Qd2 25. Bc2 g6 26. h5 Rc8
27. Re2 Qc1+ 28. Kh2 Qg5 29. Qf3 Rc5 30. Bb3 Rf5 31. Qe3 Qxh5+ 32. Kg1 Qh4 33.
Rc2 Rh5 34. Rc8+ Kg7 35. f3 Qh2+ 36. Kf1 Re5 37. Qc3 Kh6 38. Qd2+ g5 39. Rc1
Rf5 40. Qf2 Qh1+ 41. Qg1 Qh4 42. Qf2 Qh1+ 43. Qg1 Qh4 44. Rc3 Re5 45. Rc1 a5
46. g3 Qb4 47. Rd1 a4 48. Bc2 Kg7 49. Qd4 Qxd4 50. Rxd4 h5 51. a3 Kf6 52. Bd3
g4 53. f4 Re3 54. Kf2 Rf3+ 55. Kg2 e5 56. Rd7 exf4 57. gxf4 Rxf4 58. Bxb5 Re4
59. Rd2 Ke5 60. Be8 Kf6 61. Rf2+ Ke5 62. Bxf7 h4 63. Rc2 Kf4 64. Rc4 h3+ 65.
Kh2 Rxc4 66. Bxc4 Kf3 67. Bb5 Kf2 68. Bc6 g3+ 69. Kxh3 1-0

[Event "NB2 Asztalos csoport"]
[Site "Nagyatad"]
[Date "2024.11.03"]
[Round "1.11"]
[White "Gyenis, Peter"]
[Black "Szarka, Rego"]
[Result "1-0"]
[WhiteElo "1586"]
[BlackElo "1621"]
[PlyCount "89"]
[EventDate "2024.11.03"]
[EventType "team-tourn"]
[EventRounds "9"]
[EventCountry "HUN"]
[Source "chess.hu"]
[SourceDate "2024.11.04"]
[WhiteTeam "Karmin PSSE"]
[BlackTeam "Sakk Egylet Nagyatad"]
[WhiteTeamCountry "HUN"]
[BlackTeamCountry "HUN"]

1. e4 e5 2. Nf3 Nc6 3. Bc4 Bc5 4. c3 d6 5. d4 exd4 6. cxd4 Bb6 7. O-O a6 8. Re1
Bg4 9. Be3 Nf6 10. e5 dxe5 11. d5 Nd4 12. Bxd4 Bxd4 13. Qxd4 Bxf3 14. Qxe5+ Kf8
15. gxf3 Qd7 16. Nc3 b5 17. Bb3 b4 18. Ba4 Qh3 19. Qe7+ Kg8 20. Ne4 Qxf3 21.
Nxf6+ Qxf6 22. Qxf6 gxf6 23. Re7 Rc8 24. Rc1 Kg7 25. Rcxc7 Rxc7 26. Rxc7 Rd8
27. Bb3 Rd6 28. Rc6 Rd7 29. Rxa6 Rb7 30. d6 f5 31. Rc6 Rd7 32. Ba4 Ra7 33. d7
Rxd7 34. Rg6+ fxg6 35. Bxd7 Kf6 36. a3 Ke7 37. Bb5 Kd6 38. a4 Kc5 39. Kg2 h6
40. Kg3 g5 41. f4 b3 42. Bd7 Kb4 43. Bxf5 Kxa4 44. fxg5 hxg5 45. Kg4 1-0

[Event "NB2 Asztalos csoport"]
[Site "Kalocsa"]
[Date "2024.11.03"]
[Round "1.1"]
[White "Papp, Tamas"]
[Black "Halasz, Attila"]
[Result "1-0"]
[WhiteElo "2263"]
[BlackElo "2080"]
[PlyCount "49"]
[EventDate "2024.11.03"]
[EventType "team-tourn"]
[EventRounds "9"]
[EventCountry "HUN"]
[Source "chess.hu"]
[SourceDate "2024.11.04"]
[WhiteTeam "Decs 1990"]
[BlackTeam "Kalocsai SK"]
[WhiteTeamCountry "HUN"]
[BlackTeamCountry "HUN"]

1. e4 c6 2. d4 d5 3. Nc3 dxe4 4. Nxe4 Bf5 5. Ng3 Bg6 6. h4 h6 7. Nh3 Nf6 8. Nf4
Bh7 9. Bc4 Nd5 10. c3 Nxf4 11. Bxf4 e6 12. Qg4 Nd7 13. Nh5 Rg8 14. O-O-O Bf5
15. Qf3 Nb6 16. Bg3 Be7 17. Be5 Bxh4 18. Rde1 Bg5+ 19. Kd1 g6 20. g4 Bxg4 21.
Qxg4 gxh5 22. Qxh5 Nd5 23. f4 Nxf4 24. Bxf4 Bxf4 25. Rxe6+ 1-0